[Event "51 C.I.S. serie C/8"]
[Site "?"]
[Date "2019.03.17"]
[Round "4.4"]
[White "Orlandi, Francesco"]
[Black "Unterthurner, Hans"]
[Result "0-1"]
[WhiteElo "1339"]
[BlackElo "1975"]
[PlyCount "90"]
[EventDate "2019.??.??"]
[WhiteTeam "Pro Modena"]
[BlackTeam "Naturno A"]

1. e4 e6 2. d4 d5 3. exd5 exd5 4. Bd3 Bd6 5. Qf3 Ne7 6. Nc3 c6 7. Nge2 Nd7 8.
Bf4 Nf6 9. Bxd6 Qxd6 10. Qf4 Qxf4 11. Nxf4 Bf5 12. Bxf5 Nxf5 13. Nce2 Ne4 14.
h3 O-O 15. g4 Nh4 16. Ng3 Nf3+ 17. Kf1 Nxg3+ 18. fxg3 Nxd4 19. c3 Nc2 20. Rc1
Ne3+ 21. Kf2 Nc4 22. Rc2 Rfe8 23. Nd3 Nd6 24. Re1 Rxe1 25. Nxe1 Re8 26. Re2
Ne4+ 27. Kf3 Ng5+ 28. Kf2 Nxh3+ 29. Kf1 Rxe2 30. Kxe2 Ng5 31. Nd3 Ne6 32. Ke3
Kf8 33. Nf4 Nxf4 34. gxf4 Ke7 35. Kd4 Kd6 36. b4 f6 37. f5 b6 38. Ke3 Ke5 39.
a4 a5 40. Kf3 d4 41. Ke2 dxc3 42. bxa5 bxa5 43. Kd3 c2 44. Kxc2 Kd4 45. Kd2 g6
0-1

[Event "51 C.I.S. serie C/8"]
[Site "?"]
[Date "2019.03.17"]
[Round "4.1"]
[White "Bevilacqua, Maurizio"]
[Black "Trazzi, Enrico"]
[Result "1-0"]
[WhiteElo "2065"]
[BlackElo "2000"]
[PlyCount "105"]
[EventDate "2019.??.??"]
[WhiteTeam "Nettuno"]
[BlackTeam "Mantova Scacchi"]

1. d4 e6 2. c4 d5 3. Nf3 Nf6 4. g3 c6 5. Qc2 Be7 6. Bg2 O-O 7. Nbd2 Nbd7 8. b3
b6 9. Bb2 Bb7 10. O-O Rc8 11. Rad1 Qc7 12. e4 Nxe4 13. Nxe4 dxe4 14. Qxe4 Bf6
15. Ne5 Ba8 16. Qe2 Nxe5 $11 17. dxe5 Be7 18. f4 Rcd8 19. Be4 Rxd1 20. Rxd1 c5
21. f5 exf5 22. Bd5 Bg5 23. Qf3 Bxd5 24. cxd5 Qd7 25. h4 Bh6 26. a4 Rd8 27. d6
g6 28. Rd3 Bg7 29. Qd5 Re8 30. a5 Rd8 31. a6 Rb8 32. Re3 f4 33. gxf4 Re8 34.
Qf3 Qf5 35. Rd3 Qd7 36. Kg2 h5 37. Bc3 Rd8 38. Bd2 Qb5 39. Qd5 Qd7 40. Qf3 Qb5
41. Qd5 Qd7 42. Rg3 Qf5 43. Qd3 Qxd3 44. Rxd3 Kf8 45. Kf3 Ke8 46. Ke4 Kd7 47.
Kd5 Re8 48. Bc3 Bh6 49. Rf3 f6 50. exf6 Re6 51. Be5 Bf8 52. Rg3 g5 53. hxg5 1-0

[Event "51 C.I.S. serie C/8"]
[Site "?"]
[Date "2019.03.17"]
[Round "4.2"]
[White "La Venia, Stefano"]
[Black "Buglisi, Massimo"]
[Result "1/2-1/2"]
[WhiteElo "1950"]
[BlackElo "1936"]
[PlyCount "162"]
[EventDate "2019.??.??"]
[WhiteTeam "Mantova Scacchi"]
[BlackTeam "Nettuno"]

1. e4 d6 2. d4 Nf6 3. Nc3 g6 4. Be2 Bg7 5. Nf3 O-O 6. O-O c6 7. h3 b5 8. a3
Nbd7 9. Be3 e5 10. Qd2 Bb7 11. Rfd1 Re8 12. dxe5 dxe5 13. b4 a5 14. Bd3 Bf8 15.
Ne2 Qc7 16. Ng3 Red8 17. Qc3 axb4 18. axb4 Qd6 19. Bxb5 Rxa1 20. Qxa1 Qxb4 21.
Bd3 Ra8 22. Qb1 c5 23. Bd2 Qxb1 24. Rxb1 Bc6 25. Bc3 Bd6 26. Nd2 Bc7 27. Nc4 h5
28. f3 Ra2 29. Ne2 Nh7 30. h4 Nhf8 31. Bd2 Ne6 32. Nc3 Ra8 33. Nd5 Bd8 34. g3
Nd4 35. Kf2 Kg7 36. Rb2 f6 37. Nd6 Rb8 38. Bh6+ Kxh6 39. Rxb8 Nxb8 40. Nf7+ Kg7
41. Nxd8 Bd7 42. Nb6 Kf8 43. Nb7 Ndc6 44. Nxd7+ Nxd7 45. Bc4 Ke7 46. c3 Nd8 47.
Nxd8 Kxd8 48. Bf7 Nf8 49. Ke3 Ke7 50. Bg8 Nd7 51. Bc4 Nb6 52. Bb5 Kf7 53. Bd3
Ke7 54. Bc2 Kf7 55. Bb3+ Ke7 56. Bg8 Kf8 57. Bb3 Ke7 58. f4 exf4+ 59. Kxf4 Nd7
60. g4 hxg4 61. Kxg4 Ne5+ 62. Kf4 Nd3+ 63. Ke3 Ne5 64. Bd1 Ke6 65. Be2 Ke7 66.
Kf4 Ke6 67. h5 gxh5 68. Bxh5 Nd3+ 69. Ke3 Ne5 70. Be2 f5 71. Bf1 fxe4 72. Kxe4
Kd6 73. Bb5 Nf7 74. Kf5 Ne5 75. Kf6 Kd5 76. Be2 Nd7+ 77. Kf5 Nb6 78. Bb5 c4 79.
Be8 Nc8 80. Bf7+ Kc5 81. Ke5 Nd6 1/2-1/2

[Event "51 C.I.S. serie C/8"]
[Site "?"]
[Date "2019.03.17"]
[Round "4.3"]
[White "Bortolotti, Silvano"]
[Black "Goldoni, Claudio"]
[Result "1-0"]
[WhiteElo "1770"]
[BlackElo "1888"]
[PlyCount "118"]
[EventDate "2019.??.??"]
[WhiteTeam "Nettuno"]
[BlackTeam "Mantova Scacchi"]

1. e4 e5 2. Nf3 Nc6 3. d4 exd4 4. Bc4 Bc5 5. c3 Nf6 6. e5 d5 7. exf6 dxc4 8.
fxg7 Qe7+ 9. Kf1 Rg8 10. cxd4 Bd6 11. Bh6 Bg4 12. h3 Bf5 13. d5 Bd3+ 14. Kg1
Ne5 15. Qa4+ Kd8 16. Nbd2 Kc8 17. Bg5 f6 18. Bh6 Qf7 19. Nxe5 fxe5 20. Nxc4 Bc5
21. Ne3 e4 22. Qd1 a5 23. Rc1 Ra6 24. Qg4+ Kb8 25. Qf5 Rf6 26. Qg5 Be7 27. Ng4
Rf5 28. Qe3 Rxd5 29. Qf4 Qxf4 30. Bxf4 Rd7 31. Ne5 Rd4 32. Nxd3 exd3 33. Bxc7+
Ka7 34. Bxa5 Bf6 35. Bc3 Rc4 36. Kh2 Bxc3 37. Rxc3 Rxc3 38. bxc3 Rxg7 39. Rd1
Rd7 40. Kg3 Kb6 41. Kf3 Kc5 42. Ke3 Kc4 43. Kd2 Rg7 44. Rb1 Rxg2 45. Rb4+ Kc5
46. Kxd3 Rxf2 47. Rh4 Rxa2 48. Rxh7 Rg2 49. Rh5+ Kc6 50. Kc4 Rf2 51. Rh6+ Kc7
52. Kc5 Rf5+ 53. Kb4 Rf1 54. c4 Rf7 55. h4 Re7 56. h5 Rd7 57. c5 Rf7 58. Rg6
Rh7 59. h6 Kb8 1-0

[Event "51 C.I.S. serie C/8"]
[Site "?"]
[Date "2019.03.17"]
[Round "4.4"]
[White "Bozzoli, Giorgio"]
[Black "Taufer, Livio"]
[Result "1-0"]
[WhiteElo "1727"]
[BlackElo "1724"]
[PlyCount "41"]
[EventDate "2019.??.??"]
[WhiteTeam "Mantova Scacchi"]
[BlackTeam "Nettuno"]

1. e4 d6 2. d4 Nf6 3. Nc3 e5 4. dxe5 dxe5 5. Qxd8+ Kxd8 6. Bg5 c6 7. O-O-O+ Kc7
8. Bc4 Be6 9. Bxe6 fxe6 10. Nf3 Nbd7 11. Bh4 Bb4 12. Rhe1 Nh5 13. a3 Bxc3 14.
bxc3 Nf4 15. Be7 Ng6 16. Bd6+ Kb6 17. Ng5 Rhe8 18. Nxh7 Rh8 19. Ng5 Rxh2 20.
Nxe6 Rxg2 21. Bc7+ 1-0

[Event "51 C.I.S. serie C/8"]
[Site "?"]
[Date "2019.03.17"]
[Round "5.1"]
[White "Viola, Lorenzo"]
[Black "Bevilacqua, Maurizio"]
[Result "0-1"]
[WhiteElo "1785"]
[BlackElo "2065"]
[PlyCount "66"]
[EventDate "2019.??.??"]
[WhiteTeam "Pro Modena"]
[BlackTeam "Nettuno"]

1. e4 c5 2. Nf3 Nc6 3. d4 cxd4 4. Nxd4 Nf6 5. Nc3 e5 6. Ndb5 d6 7. Bg5 a6 8.
Na3 b5 9. Nd5 Be7 10. Bxf6 Bxf6 11. c3 Bg5 12. Nc2 O-O 13. Bd3 g6 14. O-O Be6
15. Nce3 Ne7 16. a4 Nxd5 17. exd5 Bd7 18. axb5 axb5 19. Qb3 Bxe3 20. fxe3 Qb6
21. Kh1 Qxe3 22. Bxb5 Rxa1 23. Rxa1 Rb8 24. Qb4 Rxb5 25. Qxd6 Rb7 26. Ra8+ Kg7
27. Qf8+ Kf6 28. Ra6+ Kg5 29. Qe7+ Kh5 30. h3 Qc1+ 31. Kh2 Qf4+ 32. Kg1 Rxb2
33. g4+ Bxg4 0-1

[Event "51 C.I.S. serie C/8"]
[Site "?"]
[Date "2019.03.17"]
[Round "5.2"]
[White "Buglisi, Massimo"]
[Black "Zincani, Roberto"]
[Result "0-1"]
[WhiteElo "1936"]
[BlackElo "1804"]
[PlyCount "90"]
[EventDate "2019.??.??"]
[WhiteTeam "Nettuno"]
[BlackTeam "Pro Modena"]

1. e4 d5 2. exd5 Qxd5 3. Nc3 Qd6 4. d4 Nf6 5. Bg5 a6 6. Qd2 Bf5 7. Bf4 Qd8 8.
Nf3 e6 9. Bd3 Bxd3 10. Qxd3 Nc6 11. a3 Bd6 12. Bg5 h6 13. Bh4 g5 14. Bg3 Qd7
15. O-O-O O-O-O 16. Ne4 Nxe4 17. Qxe4 f5 18. Qe2 f4 19. Ne5 Bxe5 20. dxe5 Qf7
21. f3 fxg3 22. hxg3 Qf5 23. Rxd8+ Rxd8 24. Rxh6 Nd4 25. Qe4 Qxe4 26. fxe4 Ne2+
27. Kb1 Nxg3 28. Rxe6 Kd7 29. Rg6 Nxe4 30. Rg7+ Kc8 31. e6 Re8 32. Rg6 c6 33.
c3 Re7 34. Kc2 Kc7 35. b4 Kd6 36. Kd3 Ke5 37. c4 Kf5 38. Rh6 Nf6 39. a4 Rxe6
40. Rh8 Rd6+ 41. Ke3 b5 42. axb5 axb5 43. cxb5 cxb5 44. Rc8 Nd5+ 45. Kd4 Nb6+
0-1

[Event "51 C.I.S. serie C/8"]
[Site "?"]
[Date "2019.03.17"]
[Round "5.3"]
[White "Boasso, Andrea"]
[Black "Bortolotti, Silvano"]
[Result "1-0"]
[WhiteElo "1673"]
[BlackElo "1770"]
[PlyCount "57"]
[EventDate "2019.??.??"]
[WhiteTeam "Pro Modena"]
[BlackTeam "Nettuno"]

1. e4 b6 2. d4 Bb7 3. Bd3 Nf6 4. Nc3 e6 5. Nf3 Bb4 6. Qe2 d5 7. e5 Ne4 8. Bd2
Nxd2 9. Qxd2 Be7 10. Ne2 c5 11. c3 Nc6 12. a3 c4 13. Bc2 Na5 14. Qd1 b5 15. Ng3
O-O 16. h4 h6 17. Nh5 g6 18. Qd2 Kh7 19. Qf4 f5 20. exf6 Bxf6 21. Nxf6+ Rxf6
22. Qe3 Kg7 23. h5 gxh5 24. Rxh5 Qe8 25. Qe5 Nc6 26. Qg3+ Kh8 27. Qh3 Qf8 28.
Ng5 Qg7 29. O-O-O 1-0

[Event "51 C.I.S. serie C/8"]
[Site "?"]
[Date "2019.03.17"]
[Round "5.4"]
[White "Taufer, Livio"]
[Black "Orlandi, Francesco"]
[Result "1-0"]
[WhiteElo "1724"]
[BlackElo "1339"]
[PlyCount "95"]
[EventDate "2019.??.??"]
[WhiteTeam "Nettuno"]
[BlackTeam "Pro Modena"]

1. d4 d5 2. Nf3 Bf5 3. e3 e6 4. Nbd2 Nf6 5. h3 h6 6. b3 Nbd7 7. Bb2 Be7 8. c4
O-O 9. Be2 c6 10. O-O Re8 11. Ne5 Bd6 12. Ndf3 Be4 13. Bd3 Bxf3 14. Qxf3 Qc7
15. Nxd7 Qxd7 16. Rac1 e5 17. dxe5 Bxe5 18. Bxe5 Rxe5 19. Rfd1 Qe7 20. cxd5
Nxd5 21. Rc4 Re8 22. Bb1 Nxe3 23. fxe3 Rxe3 24. Qg4 Re1+ 25. Kh2 Qe5+ 26. Rf4
g5 27. Rxe1 Qxe1 28. Re4 Rxe4 29. Qxe4 Qxe4 30. Bxe4 Kg7 31. Kg3 Kf6 32. Kg4
Ke5 33. Bf3 f5+ 34. Kh5 Kf4 35. Kxh6 g4 36. hxg4 fxg4 37. Be2 g3 38. a4 Ke4 39.
Kg5 Kd4 40. Kf4 Kc3 41. Bc4 a6 42. Kxg3 b5 43. axb5 axb5 44. Bf7 c5 45. Kf4 c4
46. bxc4 bxc4 47. g4 Kd4 48. Bxc4 1-0

[Event "51 C.I.S. serie C/8"]
[Site "?"]
[Date "2019.03.17"]
[Round "5.1"]
[White "Zannol, Roberto"]
[Black "Nicolodi, Raoul"]
[Result "0-1"]
[WhiteElo "2002"]
[BlackElo "2047"]
[PlyCount "112"]
[EventDate "2019.??.??"]
[WhiteTeam "Micha Bishops"]
[BlackTeam "Naturno A"]

1. e4 e6 2. Nf3 d5 3. Nc3 Nf6 4. exd5 exd5 5. d4 Bf5 6. Be2 c6 7. Bf4 Bd6 8.
Qd2 O-O 9. O-O Qc7 10. Bxd6 Qxd6 11. Rfe1 Nbd7 12. Nh4 Bg6 13. Nxg6 hxg6 14.
Bf3 Rfe8 15. Rxe8+ Rxe8 16. Re1 Rxe1+ 17. Qxe1 Qb4 18. g4 Qxd4 19. g5 Ne5 20.
Bg2 Nh5 21. Qe3 Qf4 22. Ne2 Qxe3 23. fxe3 Nc4 24. Kf2 Nxb2 25. Nc1 Nc4 26. Nb3
Kf8 27. Bh3 Ke7 28. Bc8 Nd6 29. Bg4 Ne4+ 30. Ke1 b6 31. Nd4 c5 32. Nc6+ Kd6 33.
Nxa7 Nxg5 34. Nc8+ Kc7 35. Na7 Nf6 36. Be2 Nge4 37. Nb5+ Kd7 38. c4 Nd6 39.
cxd5 Nxd5 40. Nxd6 Kxd6 41. Bc4 Nxe3 42. Bxf7 g5 43. Ke2 Nf5 44. Kd3 Ke5 45. a4
g4 46. Bh5 g3 47. hxg3 Nxg3 48. Bg6 Nf5 49. a5 bxa5 50. Kc4 Ne7 51. Be8 Kd6 52.
Kb5 g5 53. Kxa5 g4 54. Bh5 g3 55. Bf3 Nf5 56. Ka4 Nh4 0-1

[Event "51 C.I.S. serie C/8"]
[Site "?"]
[Date "2019.03.17"]
[Round "5.2"]
[White "Pichler, Norbert"]
[Black "Turri, Riccardo"]
[Result "1/2-1/2"]
[WhiteElo "2008"]
[BlackElo "1808"]
[PlyCount "70"]
[EventDate "2019.??.??"]
[WhiteTeam "Naturno A"]
[BlackTeam "Micha Bishops"]

1. d4 Nf6 2. c4 g6 3. Nf3 Bg7 4. Nc3 d6 5. e4 O-O 6. Be2 Nc6 7. h3 Nd7 8. O-O
e5 9. Be3 f5 10. exf5 Rxf5 11. Bd3 Rf8 12. Bg5 Bf6 13. Bxf6 Qxf6 14. Nd5 Qd8
15. Qd2 Kg7 16. Rae1 exd4 17. Re4 Nde5 18. Nxd4 Nxd4 19. Rxd4 Be6 20. f4 Nxd3
21. Rxd3 Bxd5 22. cxd5 Qd7 23. Re3 Rae8 24. Rxe8 Rxe8 25. f5 Rf8 26. Qd4+ Kg8
27. f6 b6 28. g4 Kf7 29. Re1 Re8 30. Rxe8 Qxe8 31. Kf2 h6 32. h4 g5 33. hxg5
hxg5 34. Qc3 Qd8 35. Kg3 Qxf6 1/2-1/2

[Event "51 C.I.S. serie C/8"]
[Site "?"]
[Date "2019.03.17"]
[Round "5.4"]
[White "Tissino, Tiziano"]
[Black "Kofler, Thomas"]
[Result "1/2-1/2"]
[WhiteElo "1728"]
[BlackElo "1942"]
[PlyCount "109"]
[EventDate "2019.??.??"]
[WhiteTeam "Micha Bishops"]
[BlackTeam "Naturno A"]

1. d4 e6 2. c4 Nf6 3. Nc3 d5 4. Nf3 c6 5. Bg5 Be7 6. e3 Nbd7 7. Rc1 h6 8. Bh4
O-O 9. Bd3 dxc4 10. Bxc4 Nd5 11. Bg3 Nxc3 12. bxc3 Nb6 13. Bd3 Ba3 14. Rb1 Nd5
15. Qb3 Qa5 16. Ne5 Be7 17. Rc1 c5 18. O-O Nf6 19. Nc4 Qd8 20. h3 b6 21. Rfd1
Bd7 22. Ne5 Qe8 23. Nxd7 Qxd7 24. dxc5 Bxc5 25. Bh7+ Kxh7 26. Rxd7 Nxd7 27. Rd1
Nf6 28. Bd6 Rfc8 29. Be5 Be7 30. Qa4 Kg8 31. Kf1 Rc5 32. Bd4 Rc7 33. Bxb6 Rxc3
34. Bd4 Ra3 35. Qc6 Rd8 36. Qc7 Rd7 37. Qc2 e5 38. Bxe5 Rxd1+ 39. Qxd1 Rxa2 40.
Qb1 Ra3 41. Qb8+ Bf8 42. Bd6 Ra1+ 43. Ke2 Nh7 44. f4 Ra6 45. Bc5 Ra2+ 46. Kf3
a5 47. g4 Rc2 48. Bxf8 Nxf8 49. Qb3 Rc8 50. h4 Ra8 51. h5 a4 52. Qa2 Ra5 53.
Ke2 a3 54. Kd3 Ne6 55. Kc4 1/2-1/2

[Event "51 C.I.S. serie C/8"]
[Site "?"]
[Date "2019.03.17"]
[Round "5.4"]
[White "Unterthurner, Hans"]
[Black "Schiavo, Marco"]
[Result "1-0"]
[WhiteElo "1975"]
[BlackElo "1410"]
[PlyCount "69"]
[EventDate "2019.??.??"]
[WhiteTeam "Naturno A"]
[BlackTeam "Micha Bishops"]

1. e4 c6 2. d4 d5 3. exd5 cxd5 4. c4 Nf6 5. Nc3 e6 6. Nf3 Be7 7. Be2 O-O 8. O-O
b6 9. cxd5 Nxd5 10. Nxd5 Qxd5 11. Ne5 Ba6 12. Bf3 Qd6 13. Bxa8 Bxf1 14. Kxf1 f6
15. Nc4 Qxh2 16. g3 e5 17. Bg2 h6 18. dxe5 fxe5 19. Qd5+ Kh8 20. Qxe5 Nc6 21.
Qc7 Bc5 22. Be3 Nd4 23. Ne5 Ne6 24. Ng6+ Kg8 25. Qe5 Rf6 26. Bxc5 Nxc5 27. Qe8+
Kh7 28. Nf8+ Rxf8 29. Qxf8 Qh5 30. Qf4 Qe8 31. Re1 Qd7 32. Be4+ Kg8 33. Bg6 Ne6
34. Rxe6 Qd1+ 35. Re1 1-0

[Event "51 C.I.S. serie C/9"]
[Site "?"]
[Date "2019.03.15"]
[Round "1.1"]
[White "Carli, Carlo"]
[Black "Guarnieri, Matteo"]
[Result "1-0"]
[WhiteElo "2105"]
[BlackElo "1964"]
[PlyCount "59"]
[EventDate "2019.??.??"]
[WhiteTeam "Cavalli Pazzi"]
[BlackTeam "Nono Risorto Venezia"]

1. Nf3 Nf6 2. g3 d5 3. Bg2 Bf5 4. O-O e6 5. d3 c5 6. Nbd2 Nc6 7. Nh4 Bg6 8.
Nxg6 hxg6 9. e4 Qd7 10. Re1 O-O-O 11. e5 Ng8 12. c3 Nge7 13. Nf3 Nf5 14. a3 Kb8
15. Bf4 Ka8 16. b4 f6 17. h4 d4 18. b5 Nxe5 19. Bxe5 fxe5 20. Nxe5 Qc7 21. c4
Bd6 22. Nxg6 Rh6 23. h5 Bxg3 24. Rxe6 Bh2+ 25. Kf1 Qf7 26. Qf3 Rb8 27. Re7 Ng3+
28. fxg3 Qxf3+ 29. Bxf3 Bxg3 30. Rxg7 1-0

[Event "51 C.I.S. serie C/9"]
[Site "?"]
[Date "2019.03.15"]
[Round "1.2"]
[White "Trangoni, Bruno"]
[Black "Molinaroli, Giacomo"]
[Result "1-0"]
[WhiteElo "1943"]
[BlackElo "1877"]
[PlyCount "65"]
[EventDate "2019.??.??"]
[WhiteTeam "Nono Risorto Venezia"]
[BlackTeam "Cavalli Pazzi"]

1. Nf3 d5 2. d4 Nf6 3. Bf4 c5 4. e3 Qb6 5. Nc3 c4 6. Rb1 Bf5 7. Be2 e6 8. Nh4
Bb4 9. O-O Bxc3 10. bxc3 Qa6 11. Nxf5 exf5 12. f3 Nbd7 13. Qc1 O-O 14. Qb2 b6
15. Rfe1 Rfe8 16. Bf1 Re6 17. Bg3 Rae8 18. Bf2 h6 19. a4 Qxa4 20. Ra1 Qc6 21.
Rxa7 f4 22. Be2 fxe3 23. Bg3 Nh5 24. Rc7 Qa8 25. Rxd7 Nxg3 26. hxg3 Qb8 27. f4
Rg6 28. Bh5 Rf6 29. Rxd5 g6 30. Be2 h5 31. Re5 Rxe5 32. dxe5 Rc6 33. Qc1 1-0

[Event "51 C.I.S. serie C/9"]
[Site "?"]
[Date "2019.03.15"]
[Round "1.3"]
[White "Steccanella, Willi"]
[Black "Velluti, Alberto"]
[Result "0-1"]
[WhiteElo "1861"]
[BlackElo "1762"]
[PlyCount "122"]
[EventDate "2019.??.??"]
[WhiteTeam "Cavalli Pazzi"]
[BlackTeam "Nono Risorto Venezia"]

1. e4 e5 2. Nf3 Nc6 3. Bb5 d6 4. d4 exd4 5. Nxd4 Bd7 6. Nxc6 Bxc6 7. Bxc6+ bxc6
8. Nc3 Nf6 9. Bf4 Be7 10. O-O O-O 11. Qf3 Rb8 12. e5 dxe5 13. Rfd1 Qc8 14. Bxe5
Ng4 15. Bg3 Rxb2 16. Qxc6 Rxc2 17. Nd5 Rxc6 18. Nxe7+ Kh8 19. Nxc8 Rxc8 20.
Rac1 Rxc1 21. Rxc1 c5 22. Rc4 Nf6 23. Ra4 Ra8 24. f3 Nd7 25. Bf2 f6 26. Kf1 Kg8
27. Ra5 Kf8 28. Bxc5+ Nxc5 29. Rxc5 Rb8 30. a4 Rb7 31. Kf2 Ke7 32. Ke3 Kd6 33.
Ra5 Rc7 34. Kd4 Ke6 35. g4 g5 36. Ra6+ Ke7 37. Kd5 Rb7 38. Re6+ Kf7 39. Re4 Rb2
40. Kc6 Rb6+ 41. Kc5 Rb2 42. Rb4 Rc2+ 43. Kb5 Rxh2 44. Ka6 Rf2 45. Rb3 Ra2 46.
a5 Kg6 47. Rb5 Ra3 48. Rf5 h5 49. Kxa7 h4 50. a6 h3 51. Rb5 h2 52. Rb1 Rxf3 53.
Kb8 Rb3+ 54. Rxb3 h1=Q 55. a7 Qh2+ 56. Kb7 Qg2+ 57. Kb6 Qxg4 58. a8=Q Qe6+ 59.
Kc7 Qxb3 60. Qe4+ f5 61. Qc6+ Kh5 0-1

[Event "51 C.I.S. serie C/9"]
[Site "?"]
[Date "2019.03.15"]
[Round "1.4"]
[White "Pomaro, Stefano"]
[Black "Pompele, Andrea"]
[Result "1-0"]
[WhiteElo "1682"]
[BlackElo "1458"]
[PlyCount "70"]
[EventDate "2019.??.??"]
[WhiteTeam "Nono Risorto Venezia"]
[BlackTeam "Cavalli Pazzi"]

1. Nf3 d5 2. g3 Nc6 3. Bg2 e5 4. d3 Nf6 5. O-O Bd6 6. Nbd2 Bg4 7. h3 Bd7 8. e4
dxe4 9. dxe4 Qc8 10. Kh2 a6 11. c3 h6 12. Qe2 Ne7 13. Nc4 Ng6 14. Nfxe5 Bxe5
15. f4 Bxf4 16. gxf4 Nh4 17. Ne5 Nxg2 18. Qxg2 O-O 19. Rg1 Nh5 20. f5 Kh7 21.
Qg4 f6 22. Qxh5 Be8 23. Qg4 Rg8 24. Ng6 Qd7 25. Bf4 Qf7 26. Rad1 Bb5 27. b3
Rge8 28. e5 Rad8 29. e6 Qg8 30. c4 Bc6 31. Bxc7 Rc8 32. Bd6 Rcd8 33. Nf4 Rxd6
34. Rxd6 Re7 35. Qg6+ Kh8 1-0

[Event "51 C.I.S. serie C/9"]
[Site "?"]
[Date "2019.03.15"]
[Round "1.1"]
[White "Tagliaferri, Valerio"]
[Black "De Napoli, Giuseppe"]
[Result "0-1"]
[WhiteElo "1854"]
[BlackElo "2011"]
[PlyCount "44"]
[EventDate "2019.??.??"]
[WhiteTeam "Wasken Boys"]
[BlackTeam "Vicenza 2"]

1. e4 g6 2. d4 Bg7 3. Nc3 d6 4. Bc4 Nc6 5. Be3 e5 6. Nge2 Nf6 7. f3 a6 8. a3
O-O 9. Qd2 b5 10. Ba2 Bd7 11. g4 exd4 12. Nxd4 Ne5 13. Kf2 Nfxg4+ 14. fxg4 Qh4+
15. Kg2 Qxg4+ 16. Kf2 Qh4+ 17. Kf1 Bh3+ 18. Ke2 Qg4+ 19. Kf2 Qg2+ 20. Ke1 Qxh1+
21. Kf2 Qg2+ 22. Ke1 Qf1# 0-1

[Event "51 C.I.S. serie C/9"]
[Site "?"]
[Date "2019.03.15"]
[Round "1.2"]
[White "Giuriato, Sergio"]
[Black "Magnani, Carlo"]
[Result "1-0"]
[WhiteElo "1890"]
[BlackElo "1821"]
[PlyCount "69"]
[EventDate "2019.??.??"]
[WhiteTeam "Vicenza 2"]
[BlackTeam "Wasken Boys"]

1. d4 d5 2. c4 c6 3. Nf3 Nf6 4. Nc3 a6 5. e3 Bg4 6. h3 Bh5 7. g4 Bg6 8. Ne5
dxc4 9. Bxc4 Nfd7 10. Nxg6 fxg6 11. Qb3 Qb6 12. Bf7+ Kd8 13. Qe6 Qb4 14. Bd2
Qd6 15. Qb3 Qc7 16. Ne4 h6 17. Bxg6 a5 18. Qf7 Qb6 19. O-O Kc7 20. Bc3 Na6 21.
Qf4+ Kd8 22. Rfd1 Nb4 23. Nc5 Nf6 24. Ne6+ Kc8 25. Bf5 Nd7 26. e4 g5 27. Qg3 h5
28. Nc5 Qc7 29. Bxd7+ Kb8 30. Qxc7+ Kxc7 31. Bf5 hxg4 32. Bxg4 Kb6 33. a3 Na6
34. Nd7+ Kc7 35. Bxa5+ 1-0

[Event "51 C.I.S. serie C/9"]
[Site "?"]
[Date "2019.03.15"]
[Round "1.3"]
[White "Bonoldi, Fabio"]
[Black "Valentini, Pietro"]
[Result "1-0"]
[WhiteElo "1817"]
[BlackElo "1795"]
[PlyCount "73"]
[EventDate "2019.??.??"]
[WhiteTeam "Wasken Boys"]
[BlackTeam "Vicenza 2"]

1. c4 e5 2. g3 Nf6 3. Bg2 Nc6 4. Nc3 d6 5. d3 a6 6. e4 Bg4 7. f3 Be6 8. Nge2
Qd7 9. O-O Be7 10. Be3 Bh3 11. Qd2 Bxg2 12. Kxg2 h6 13. Nd5 Nh7 14. Kh1 Bg5 15.
f4 exf4 16. gxf4 Bh4 17. Ng1 O-O-O 18. Nf3 Be7 19. b4 Bf6 20. Rac1 Ne7 21. Bb6
Nxd5 22. cxd5 c6 23. dxc6 bxc6 24. b5 axb5 25. Qa5 Qb7 26. Qxb5 Kd7 27. Qf5+
Ke8 28. Bxd8 Kxd8 29. Rb1 Qa7 30. e5 g6 31. Qe4 d5 32. Qb4 Bg7 33. Qd6+ Kc8 34.
Qxc6+ Qc7 35. Qa6+ Kd8 36. Rfc1 Qd7 37. Rb7 1-0

[Event "51 C.I.S. serie C/9"]
[Site "?"]
[Date "2019.03.15"]
[Round "1.4"]
[White "Tivelli, Massimiliano"]
[Black "Gorini, Michele"]
[Result "1-0"]
[WhiteElo "1787"]
[BlackElo "1661"]
[PlyCount "87"]
[EventDate "2019.??.??"]
[WhiteTeam "Vicenza 2"]
[BlackTeam "Wasken Boys"]

1. e4 b6 2. d4 Bb7 3. Bd3 Nf6 4. Nc3 e6 5. Nf3 Bb4 6. Qe2 d5 7. e5 Ne4 8. Bd2
Nxd2 9. Qxd2 Ba6 10. a3 Be7 11. Ne2 Bxd3 12. Qxd3 Nd7 13. O-O c5 14. c3 c4 15.
Qc2 b5 16. Nd2 Qb6 17. f4 O-O-O 18. Kh1 f5 19. b3 g5 20. bxc4 dxc4 21. a4 gxf4
22. axb5 Nb8 23. Qa4 Rhg8 24. Qxc4+ Kd7 25. Nxf4 Bg5 26. Nb3 Bxf4 27. Rxf4 Rg6
28. Qc5 Qxc5 29. Nxc5+ Kc7 30. Rxa7+ Kc8 31. Re7 Rdg8 32. g3 h5 33. Nxe6 Nd7
34. Nc5 Nb6 35. Re6 Nd5 36. Rxg6 Rxg6 37. Rf3 Ne7 38. c4 Kc7 39. d5 Nc8 40.
Rxf5 h4 41. Kg2 hxg3 42. hxg3 Rg4 43. Rf4 Rg7 44. Ne6+ 1-0

[Event "51 C.I.S. serie C/9"]
[Site "?"]
[Date "2019.03.16"]
[Round "2.2"]
[White "Giuriato, Sergio"]
[Black "Zanirato, Stefano"]
[Result "1-0"]
[WhiteElo "1890"]
[BlackElo "1865"]
[PlyCount "95"]
[EventDate "2019.??.??"]
[WhiteTeam "Vicenza 2"]
[BlackTeam "Rovigo Scacchi"]

1. d4 Nf6 2. c4 e6 3. Nc3 Bb4 4. e3 c5 5. Bd3 Nc6 6. Nf3 O-O 7. O-O d5 8. cxd5
exd5 9. Ne2 Bg4 10. a3 Ba5 11. dxc5 Bc7 12. Ng3 Qe7 13. Qc2 Rac8 14. Nd4 Bxg3
15. hxg3 Ne5 16. b4 Nxd3 17. Qxd3 Qd7 18. Bb2 Bh5 19. Nf3 Bxf3 20. gxf3 Rc6 21.
Kg2 Rd8 22. Rh1 h6 23. Rad1 Nh7 24. e4 Nf6 25. Bxf6 Rxf6 26. Qxd5 Qxd5 27. Rxd5
Re8 28. Rhd1 b6 29. b5 bxc5 30. Rxc5 a6 31. a4 Rb8 32. Rd7 Kf8 33. e5 Re6 34.
f4 axb5 35. axb5 Re7 36. Rxe7 Kxe7 37. g4 g6 38. f5 Rb7 39. Kf3 h5 40. fxg6
hxg4+ 41. Kxg4 fxg6 42. f4 Kf7 43. Kg5 Kg7 44. e6 Rb6 45. Re5 Rb8 46. e7 Re8
47. b6 Kf7 48. b7 1-0

[Event "51 C.I.S. serie C/9"]
[Site "?"]
[Date "2019.03.16"]
[Round "2.3"]
[White "Pento, Carlo"]
[Black "Curti, Carlo"]
[Result "0-1"]
[WhiteElo "1835"]
[BlackElo "1949"]
[PlyCount "76"]
[EventDate "2019.??.??"]
[WhiteTeam "Rovigo Scacchi"]
[BlackTeam "Vicenza 2"]

1. e4 c5 2. Nf3 g6 3. Bc4 Bg7 4. Nc3 Nc6 5. a4 e6 6. d3 Nge7 7. O-O O-O 8. h3
d6 9. Bd2 Nd4 10. Nxd4 cxd4 11. Ne2 d5 12. exd5 Nxd5 13. Qc1 Re8 14. Bg5 Qd6
15. Ng3 f5 16. h4 e5 17. h5 Be6 18. Re1 Rac8 19. Bh6 Bf6 20. hxg6 hxg6 21. Bg5
Bg7 22. Bh6 Bf7 23. Bxg7 Kxg7 24. Qg5 Kf8 25. Qh6+ Ke7 26. Qg7 Rxc4 27. dxc4
Nf6 28. b3 Rg8 29. Qh6 Kd7 30. Rad1 Kc8 31. Qd2 Rd8 32. Qa5 e4 33. c5 Qe5 34.
Qb4 e3 35. Kf1 Qf4 36. Rxe3 Nd5 37. Qxd4 Nxe3+ 38. Qxe3 Rxd1+ 0-1

[Event "51 C.I.S. serie C/9"]
[Site "?"]
[Date "2019.03.16"]
[Round "2.4"]
[White "Zanotto, Enrico"]
[Black "Minei, Giovanni"]
[Result "0-1"]
[WhiteElo "1906"]
[BlackElo "1598"]
[PlyCount "34"]
[EventDate "2019.??.??"]
[WhiteTeam "Vicenza 2"]
[BlackTeam "Rovigo Scacchi"]

1. e4 c6 2. d4 d5 3. exd5 cxd5 4. c4 Nf6 5. Nc3 Nc6 6. Nf3 Bg4 7. Be3 e6 8. Be2
Be7 9. O-O O-O 10. Ne5 Bxe2 11. Qxe2 Rc8 12. Rfd1 dxc4 13. Nxc4 Nd5 14. Ne4 f5
15. Nc5 Bxc5 16. dxc5 Qf6 17. Nd6 Rc7 0-1

[Event "51 C.I.S. serie C/9"]
[Site "?"]
[Date "2019.03.16"]
[Round "2.1"]
[White "Guarnieri, Matteo"]
[Black "Tagliaferri, Valerio"]
[Result "1-0"]
[WhiteElo "1964"]
[BlackElo "1854"]
[PlyCount "111"]
[EventDate "2019.??.??"]
[WhiteTeam "Nono Risorto Venezia"]
[BlackTeam "Wasken Boys"]

1. d4 d5 2. c4 c6 3. Nc3 Nf6 4. Nf3 Bf5 5. Qb3 Qb6 6. c5 Qc7 7. g3 Nbd7 8. Bf4
Qc8 9. Bg2 e6 10. Nh4 Bg6 11. Nxg6 hxg6 12. Qc2 Be7 13. b4 a6 14. O-O O-O 15.
a4 Nh5 16. b5 Nxf4 17. gxf4 Qc7 18. e3 Nf6 19. Rfb1 Rfb8 20. Ra2 b6 21. cxb6
Rxb6 22. a5 Rbb8 23. b6 Qb7 24. Na4 Nd7 25. Qb3 Rd8 26. Rc2 Rac8 27. Rbc1 f6
28. Bf1 Kf7 29. Qd3 Nb8 30. Nc5 Bxc5 31. Rxc5 Rd7 32. Be2 Rcd8 33. Bd1 Qc8 34.
Ba4 Rd6 35. Qc2 e5 36. fxe5 Qg4+ 37. Kf1 fxe5 38. dxe5 Re6 39. Bxc6 Rxe5 40.
Bb7 Qh3+ 41. Ke1 Qh4 42. Rc7+ Kg8 43. Qxg6 Rxe3+ 44. Kf1 Re7 45. Rxe7 Qxe7 46.
Rc7 Qf6 47. Qxf6 gxf6 48. Ke2 Kf8 49. Kd3 Nd7 50. Bxa6 Ne5+ 51. Ke2 Ra8 52. b7
Re8 53. Rc8 Nd7+ 54. Rxe8+ Kxe8 55. Bb5 Kd8 56. Bxd7 1-0